Evaluación de proyectos (Registro nro. 28925)
[ vista simple ]
| 000 -LÍDER | |
|---|---|
| fixed length control field | 00628nam a22002177a 4500 |
| 003 - IDENTIFICADOR DEL NÚMERO DE CONTROL | |
| control field | ITZ |
| 005 - FECHA Y HORA DE LA ULTIMA TRANSACCIÓN | |
| Campo de control | 20230224105248.0 |
| 008 - ELEMENTOS DE LONGITUD FIJA -- INFORMACIÓN GENERAL | |
| fixed length control field | 230224b |||||||| |||| 00| 0 spa d |
| 020 ## - NÚMERO INTERNACIONAL NORMALIZADO PARA LIBROS | |
| ISBN | 978-607-15-1374-8 |
| 035 ## - Número de ficha (Janium) | |
| Número de ficha (Janium) | 17294 |
| 041 ## - CÓDIGO DE IDIOMA | |
| Código de idioma para texto/pista de sonido o título separado | spa |
| 050 ## - SIGNATURA TOPOGRAFICA DE LA BIBLIOTECA DEL CONGRESO (LC) | |
| Número de Clasificación | HC28 |
| Cutter | B116 2016 |
| 082 ## - NUMERO DE CLASIFICACION DECIMAL DEWEY | |
| Número de Clasificación | 658.404 |
| Cutter | b113e 2016 |
| 100 1# - ASIENTO PRINCIPAL--NOMBRE PERSONAL | |
| Nombre personal | Baca Urbina, Gabriel |
| 245 ## - TÍTULO | |
| Título | Evaluación de proyectos |
| Mención de responsabilidad, etc. | Gabriel Baca Urbina |
| 250 ## - MENCIÓN DE EDICIÓN | |
| Mención de edición | 8 |
| 260 ## - PUBLICACIÓN, DISTRIBUCIÓN, ETC. (PIE DE IMPRENTA) | |
| Lugar de publicación, distribución, etc. | México: |
| Nombre del editor, distribuidor, etc. | McGraw Hill, |
| Fecha de publicación, distribución, etc. | 2016 |
| 300 ## - DESCRIPCIÓN FÍSICA | |
| Extensión | xii, 419 p. ; |
| Dimensiones | 27 cm. |
| 650 ## - ASIENTO SECUNDARIO DE MATERIA - TERMINO TEMÁTICO | |
| Término temático o nombre geográfico como elemento de entrada | 1. EVALUACIÓN DE PROYECTOS / 2. PROYECTOS INDISTRIALES / 3. PROYECTOS DE DESARROLLO ECONÓMICO |
| 942 ## - TIPO DE MATERIAL (KOHA) | |
| Koha item type | Libros |
| No. biblioteca | No. biblioteca | Número de clasificación | Código de barras/Número de adquisición | Número de copia | Tipo de material | Otras carreras |
|---|---|---|---|---|---|---|
| INGENIERÍA EN ADMINISTRACIÓN | INGENIERÍA EN ADMINISTRACIÓN | 658.404 b113e 2016 | 53688 | 1 | Libros | INGENIERÍA EN GESTIÓN EMPRESARIAL |
| INGENIERÍA EN ADMINISTRACIÓN | INGENIERÍA EN ADMINISTRACIÓN | 658.404 b113e 2016 | 53689 | 2 | Libros | INGENIERÍA EN GESTIÓN EMPRESARIAL |
